LEADER 02139nam 2200625 a 450 001 9910456740703321 005 20200520144314.0 010 $a1-935790-07-2 035 $a(CKB)2550000000039515 035 $a(EBL)3139012 035 $a(SSID)ssj0000537743 035 $a(PQKBManifestationID)12178071 035 $a(PQKBTitleCode)TC0000537743 035 $a(PQKBWorkID)10557012 035 $a(PQKB)10155075 035 $a(MiAaPQ)EBC3139012 035 $a(Au-PeEL)EBL3139012 035 $a(CaPaEBR)ebr10480863 035 $a(OCoLC)742517258 035 $a(EXLCZ)992550000000039515 100 $a20101220d2011 uy 0 101 0 $aeng 135 $aur|n|---||||| 181 $ctxt 182 $cc 183 $acr 200 00$aHybrids, differences, visions$b[electronic resource] $eon the study of culture /$fedited by Claudio Baraldi, Andrea Borsari, Augusto Carli 210 $aAurora, Colo. $cDavies Group, Publishers$dc2011 215 $a1 online resource (269 p.) 300 $aDescription based upon print version of record. 311 $a1-934542-26-1 320 $aIncludes bibliographical references. 327 $apt. 1. Culture, Philosophy, Anthropology / Andrea Borsari -- pt. 2. Intercultural studies / Claudio Baraldi -- pt. 3. Languages and culture / Augusto Carli -- pt. 4. Historiography and "culture" / Michael Nani. 606 $aCulture$xStudy and teaching 606 $aCommunication and culture 606 $aLanguage and culture 606 $aIntercultural communication 606 $aCultural fusion 608 $aElectronic books. 615 0$aCulture$xStudy and teaching. 615 0$aCommunication and culture. 615 0$aLanguage and culture. 615 0$aIntercultural communication. 615 0$aCultural fusion. 676 $a306.071 701 $aBaraldi$b Claudio$0460699 701 $aBorsari$b Andrea$0139972 701 $aCarli$b Augusto$0131438 801 0$bMiAaPQ 801 1$bMiAaPQ 801 2$bMiAaPQ 906 $aBOOK 912 $a9910456740703321 996 $aHybrids, differences, visions$92081310 997 $aUNINA LEADER 00865nam a2200253 i 4500 001 991003348249707536 005 20021205145000.0 008 021014s2001 it ||| | ita 020 $a8883530993 035 $ab11794070-39ule_inst 035 $aPARLA225143$9ExL 040 $aDip.to Filosofia$bita 100 1 $aCotugno, Anna$0144291 245 10$aTerritorio Bateson /$ca cura di Anna Cotugno e Giovanni Di Cesare 260 $aRoma :$bMeltemi 300 $a213 p. ;$c19 cm. 490 0 $aRicerche / Meltemi ;$v4 700 1 $aDi Cesare, Giovanni 907 $a.b11794070$b27-04-17$c09-12-02 912 $a991003348249707536 945 $aLE005 302 COT01. 01$g1$i2005000132711$lle005$o-$pE0.00$q-$rl$s- $t0$u0$v0$w0$x0$y.i12041798$z09-12-02 996 $aTerritorio Bateson$9908094 997 $aUNISALENTO 998 $ale005$b01-01-02$cm$da $e-$fita$git $h0$i1